Macroeconomics

Saved in:
Bibliographic Details
Main Author: Miller, Norman C.
Format: Book
Language:English
Published: Boston Houghton Mifflin Company 1983
Edition:1. ed.
Tags: Add Tag
No Tags, Be the first to tag this record!

MARC

LEADER 00000nam a2200000 4500
001 c041613
005 20221220090657.5
041 0 |a eng 
044 |a US 
245 1 0 |a Macroeconomics  |c Norman C. Miller 
250 |a 1. ed. 
264 1 |a Boston  |b Houghton Mifflin Company  |c 1983 
300 |a 734 s. 
100 1 |a Miller, Norman C.